000 01243cam a22002891i 4500
003 SA-RiAUC
005 20250924042649.0
008 250801s2012 mr g b 001 0bara c
020 _a9789954597033
040 _aMA-HhKAF
_bara
_cSA-RiAUC.
_erda
072 7 _aMAI
082 0 4 _a239.7
_qSA-RiAUC
090 _a239.7
_bع م ر
100 1 _aالعمراني، بدر بن عبد الإله،
_d1975-
_eمؤلف.
245 1 2 _aالحميراء :
_bعائشة أم المؤمنين رضى الله عنها من رحاب اللغة إلى محراب السنة /
_cتأليف بدر العمراني.
264 1 _aالرباط :
_bالرابطة المحمدية للعلماء،
_c2012.
300 _a115 صفحة ؛
_c24 سم
336 _aنص
_btxt
_2rdacontent
_3كتاب
337 _aبدون وسيط
_bn
_2rdamedia
338 _aمجلد
_bnc
_2rdacarrier
500 _aيشتمل على كشاف.
504 _aببليوجرافية : صفحة 103-112.
600 1 7 _aعائشة أم المؤمنين، عائشة بنت عبد الله بن عثمان،
_d9 قبل الهجرة-58 هجري
_2aucnm
650 7 _aزوجات النبي
_vتراجم
_2aucsh
942 _2ddc
_cBOOK
_n0
949 _aSA-JeALM
_d250801
_umohamedma123
_n1
999 _c12056
_d12056